| 000 | 00333nam a2200121Ia 4500 | ||
|---|---|---|---|
| 008 | 220217s9999||||xx |||||||||||||| ||und|| | ||
| 082 | _a670 KES | ||
| 100 | _aKestoor, Praveen | ||
| 245 | 0 | _aManufacturing process I | |
| 260 |
_aSuggi publication _bBangalore _c2011 |
||
| 300 |
_aX, 226p. _b175 |
||
| 650 | _aProduction Technology | ||
| 999 |
_c184243 _d184243 |
||